Australian States and territories by flags - Statistics

General Stats
  • This quiz has been taken 575 times
    554 since last reset
  • The average score is 9 of 12
Answer Stats
Picture Answer % Correct
Queensland
87%
New South Wales
85%
Tasmania
85%
Victoria
83%
Western Australia
83%
South Australia
82%
Northern Territory
78%
Australian Capital Territory
74%
Christmas Island
74%
Norfolk Island
69%
Cocos Islands
60%
Australian Antarctic Territory
28%
No matching quizzes found
Score Distribution
Percent of People with Each Score
Percentile by Number Answered
Your Score History
You have not taken this quiz since the last reset